| 000 | 00664nam a2200181Ia 4500 | ||
|---|---|---|---|
| 008 | 100920s9999 xx 000 0 und d | ||
| 082 |
_b93588 _a28 व 891,43 न 04 |
||
| 100 | _aबेरी मिनक्षी. | ||
| 245 | _aश्रेष्ठ बाल कहानियाँ. | ||
| 260 |
_bसम्पर्क इलाहबाद. _c2004 |
||
| 300 |
_a104 _bसाधी |
||
| 365 | _b100 | ||
| 520 | _aबा.वि.हिंदी. | ||
| 630 | _aश्रेष्ठ बाल कहानियाँ. | ||
| 650 | _aबा.वि.हिंदी. | ||
| 730 | _aश्रेष्ठ बाल कहानियाँ. | ||
| 942 | _cBOOK | ||
| 999 |
_c734031 _d734028 |
||